Statistics for Countries by one positive and one negative statement

Click here to take the quiz!

General Stats

  • This quiz has been taken 36 times
  • The average score is 5 of 10

Answer Stats

Statement 1 Statement 2 Answer % Correct
Is an island country in the Indian OceanDoes not start with M or SComoros
88%
In North AmericaDoes not border the Atlantic Ocean or Caribbean SeaEl Salvador
82%
Borders exactly two oceansDoes not border the Pacific OceanSouth Africa
73%
Is a permanent member of the UN Security Council.Does not have blue on its flag.China
67%
Has a larger population than PakistanDoes not have a population as high as Indonesia’sBrazil
61%
Is fully recognisedIs not a member of the United Nations.Vatican City
55%
Starts with a vowelIs not the only country to have its exact flagIndonesia
42%
Is in Europe and more populous than the United KingdomDoes not have a greater population than FranceFrance
30%
Is home to one of the seven new wonders of the worldDoes not have red on its flag, nor is it already in this quizIndia
15%
Recognises South OssetiaDoes not have red, nor a star on its flagNicaragua
3%

Score Distribution

Percentile by Number Answered

Percent of People with Each Score

Your Score History

You have not taken this quiz